000
00283nam a2200133Ia 4500
100
_a
Pearce/A.V.H
942
_c
BK
654
_a
Workshops
245
_a
Hand Book Of The Workshops
260
_b
Yeravda Prison
_a
Poona
_c
1950
082
_a
670.4
300
_a
306
546
_a
ENGLISH
999
_c
30629
_d
30629